[Event "C.to Provinciale CO"]
[Site "Villa Guardia ITA"]
[Date "2010.01.30"]
[Round "5"]
[White "Falchi, Claudio"]
[Black "Petetta, Roberto"]
[Result "1-0"]
[WhiteElo "1623"]
[BlackElo "1649"]
[PlyCount "81"]
[EventDate "2010.01.23"]

1. e4 c5 2. Nc3 d6 3. g3 Nc6 4. Bg2 a6 5. d3 Qc7 6. Nd5 Qd8 7. Bg5 f6 8. Be3 e6
9. Nf4 Nge7 10. Bh3 e5 11. Ne6 Bxe6 12. Bxe6 Nd4 13. Bxd4 cxd4 14. c3 Nc6 15.
Qb3 Qe7 16. Rc1 b5 17. Qd5 Nd8 18. Qxa8 Qxe6 19. Qxa6 Qd7 20. cxd4 Be7 21. Ne2
O-O 22. O-O d5 23. Nc3 dxe4 24. Qxb5 Qxb5 25. Nxb5 exd3 26. f3 exd4 27. Nxd4
Bb4 28. Rc4 Ba5 29. Nb3 Bb6+ 30. Kg2 Re8 31. Re4 Rxe4 32. fxe4 Nc6 33. Rd1 Nb4
34. a4 Kf7 35. a5 Be3 36. Nc1 d2 37. Nb3 Nd3 38. Nxd2 Nxb2 39. Rb1 Bxd2 40. a6
Nc4 41. a7 1-0

[Event "C.to Provinciale CO"]
[Site "Villa Guardia ITA"]
[Date "2010.01.30"]
[Round "5"]
[White "Gagliardi, Christian"]
[Black "Liscio, Giovanni"]
[Result "1/2-1/2"]
[WhiteElo "2222"]
[BlackElo "2033"]
[PlyCount "24"]
[EventDate "2010.01.23"]

1. e4 c6 2. d4 d5 3. Nc3 dxe4 4. Nxe4 Nd7 5. Ng5 Ngf6 6. Bc4 e6 7. Qe2 Nb6 8.
Bb3 h6 9. N5f3 Bd6 10. Ne5 Qc7 11. Ngf3 c5 12. dxc5 Bxc5 1/2-1/2

[Event "C.to Provinciale CO"]
[Site "Villa Guardia ITA"]
[Date "2010.01.30"]
[Round "5"]
[White "Grassetto, Gilberto"]
[Black "Ronconi, Fausto"]
[Result "1-0"]
[WhiteElo "1882"]
[BlackElo "1780"]
[PlyCount "89"]
[EventDate "2010.01.23"]

1. d4 d5 2. Nf3 Nf6 3. e3 e6 4. a3 b6 5. c4 dxc4 6. Bxc4 Bb7 7. b4 Be7 8. Bb2
Nbd7 9. Nbd2 c5 10. dxc5 bxc5 11. b5 Nb6 12. Be2 O-O 13. O-O a6 14. a4 axb5 15.
axb5 Ne4 16. Qc2 Nxd2 17. Nxd2 Bd6 18. Rfd1 Nd5 19. Nc4 Qg5 20. f4 Nxf4 21. Bf1
Nd5 22. Nxd6 Qxe3+ 23. Kh1 Nb4 24. Qc3 Qxc3 25. Bxc3 Bd5 26. Rxa8 Rxa8 27. Ra1
Rd8 28. Nc4 Nc2 29. Rc1 Nd4 30. b6 Nb5 31. Na5 Nxc3 32. Rxc3 c4 33. Nxc4 Rb8
34. Rb3 g6 35. Rb4 Kf8 36. h4 f6 37. Kh2 h6 38. Bd3 g5 39. g3 Ke7 40. Kh3 f5
41. Ne3 Bc6 42. Nc4 Kd8 43. Na5 Bd5 44. Bc4 Bxc4 45. Nc6+ 1-0

[Event "C.to Provinciale CO"]
[Site "Villa Guardia ITA"]
[Date "2010.01.30"]
[Round "5"]
[White "Guglielmetti, Oscar"]
[Black "Guzzetti, Luigi Enrico"]
[Result "0-1"]
[WhiteElo "1788"]
[BlackElo "1887"]
[PlyCount "98"]
[EventDate "2010.01.23"]

1. Nf3 Nf6 2. g3 g6 3. Bg2 Bg7 4. d3 O-O 5. Nc3 d6 6. O-O c5 7. e4 Nc6 8. Be3
Rb8 9. Qd2 Re8 10. h3 b5 11. Nh4 b4 12. Ne2 e5 13. f4 exf4 14. gxf4 Bd7 15. Nf3
Qc8 16. Kh2 Nh5 17. c3 a5 18. c4 Nd8 19. Rg1 f5 20. Nh4 Kh8 21. Bf3 fxe4 22.
Bxh5 gxh5 23. Rxg7 Kxg7 24. Rg1+ Kf7 25. dxe4 Qc6 26. Ng3 Nb7 27. Qd3 Rg8 28.
e5 Rg7 29. Nhf5 Bxf5 30. Qxf5+ Ke8 31. Qxh5+ Kd7 32. Rd1 Rbg8 33. Qf5+ Kc7 34.
Rg1 Kb6 35. Bf2 Qf3 36. Rg2 h5 37. Qf6 Rg6 38. Qe7 R8g7 39. Qh4 dxe5 40. fxe5
Rg5 41. e6 Qf6 42. Qe4 Re5 43. Qc2 Qxe6 44. b3 h4 45. Nh1 Rxg2+ 46. Kxg2 Rg5+
47. Ng3 hxg3 48. Bxg3 Nd6 49. Qd2 Rxg3+ 0-1

[Event "C.to Provinciale CO"]
[Site "Villa Guardia ITA"]
[Date "2010.01.30"]
[Round "5"]
[White "Lancianese, Giuseppe"]
[Black "Gonella, Daniele"]
[Result "0-1"]
[WhiteElo "1780"]
[BlackElo "1879"]
[PlyCount "92"]
[EventDate "2010.01.23"]

1. d4 d5 2. c4 e6 3. Nf3 c6 4. e3 Nf6 5. Nc3 Nbd7 6. Bd3 dxc4 7. Bxc4 b5 8. Bd3
Bb7 9. O-O a6 10. Qe2 c5 11. dxc5 Bxc5 12. Rd1 O-O 13. a3 Qc7 14. Bd2 Ne5 15.
Nxe5 Qxe5 16. Rac1 Rac8 17. b4 Ba7 18. a4 Qg5 19. e4 Qh4 20. h3 bxa4 21. Be3
Bxe3 22. Qxe3 Rfe8 23. f3 Qg3 24. Qb6 Qb8 25. Qa5 Qa7+ 26. Kf1 h6 27. Nb5 Qb8
28. Nc7 Nh5 29. Nxa6 Qf4 30. Rxc8 Ng3+ 31. Kf2 Rxc8 32. Nc5 Bc6 33. Qa6 Rc7 34.
Nxa4 Bxe4 35. Bxe4 Nxe4+ 36. Kg1 Ng5 37. Nc5 Qxb4 38. Rd8+ Kh7 39. Nd3 Qe7 40.
Rd4 e5 41. Rg4 f5 42. Ra4 Rd7 43. h4 Nf7 44. g3 Rd6 45. Qc4 Qd7 46. Nf2 Rd4 0-1

[Event "C.to Provinciale CO"]
[Site "Villa Guardia ITA"]
[Date "2010.01.30"]
[Round "5"]
[White "Larghi, Riccardo"]
[Black "Buonocore, Elio"]
[Result "0-1"]
[WhiteElo "1901"]
[BlackElo "2187"]
[PlyCount "62"]
[EventDate "2010.01.23"]

1. Nf3 f5 2. g3 Nf6 3. Bg2 g6 4. d4 Bg7 5. O-O O-O 6. c4 d6 7. Nc3 Nc6 8. d5
Ne5 9. Nxe5 dxe5 10. e4 f4 11. f3 g5 12. g4 h5 13. h3 hxg4 14. hxg4 c6 15. b3
Qb6+ 16. Rf2 Kf7 17. Bb2 Rh8 18. Na4 Qc7 19. Bf1 Rh4 20. Rh2 Rxh2 21. Kxh2 Bd7
22. c5 Rh8+ 23. Kg2 cxd5 24. exd5 e4 25. Bc4 exf3+ 26. Qxf3 Kf8 27. Rh1 Rxh1
28. Kxh1 Nxg4 29. Bxg7+ Kxg7 30. b4 Qe5 31. Nc3 Qe1+ 0-1

[Event "C.to Provinciale CO"]
[Site "Villa Guardia ITA"]
[Date "2010.01.30"]
[Round "5"]
[White "Napolitano, Matteo"]
[Black "Gonella, Graziano"]
[Result "1-0"]
[WhiteElo "1464"]
[BlackElo "1332"]
[PlyCount "183"]
[EventDate "2010.01.23"]

1. d4 d5 2. Nf3 g6 3. e3 Bg7 4. c4 e6 5. Nc3 Nf6 6. Be2 O-O 7. h3 c6 8. Bd2 b6
9. Rc1 Ba6 10. cxd5 Bxe2 11. Nxe2 cxd5 12. O-O Nbd7 13. Qa4 Re8 14. Rc2 a6 15.
Bb4 b5 16. Qb3 a5 17. Bd6 b4 18. Rfc1 Qb6 19. Rc6 Qb5 20. Qc2 Ne4 21. Bh2 Bf8
22. Rc7 Re7 23. Ng3 Ndf6 24. Rxe7 Bxe7 25. Nf1 Re8 26. Qc6 Qe2 27. Qc2 Qb5 28.
Qc7 Qe2 29. Rc2 Qd3 30. Ne5 Qd1 31. Rc1 Qe2 32. Qc2 Qb5 33. f3 Nd6 34. Kf2 Rc8
35. Nc6 Bf8 36. Bxd6 Bxd6 37. Ne7+ Bxe7 38. Qxc8+ Bf8 39. Qc2 Kg7 40. Nd2 Bd6
41. Nb3 Bf8 42. Nc5 Kg8 43. b3 Kg7 44. Qd3 Qe8 45. f4 h6 46. Na4 Ne4+ 47. Kf3
f5 48. Rc7+ Be7 49. Qa6 Kf7 50. Qxa5 Nd2+ 51. Ke2 Ne4 52. Qxb4 Ng3+ 53. Kf3 Nh5
54. Qb7 Kf6 55. Rxe7 Qxe7 56. Qxe7+ Kxe7 57. g4 Ng7 58. Nc5 Kd6 59. Nd3 fxg4+
60. hxg4 g5 61. Ne5 Ke7 62. e4 dxe4+ 63. Kxe4 gxf4 64. Kxf4 h5 65. gxh5 Nxh5+
66. Kg5 Nf6 67. Nc6+ Kf7 68. Nd8+ Ke7 69. Kg6 Nd5 70. Nc6+ Kd6 71. Ne5 Nb4 72.
a4 Kd5 73. Nf3 Nc6 74. Kf6 Nxd4 75. Nxd4 e5 76. Nf3 e4 77. Ng1 Kd4 78. Kg5 e3
79. Kf6 Kc5 80. Ke5 Kb4 81. Kd4 Kxb3 82. a5 Kc2 83. a6 Kd2 84. a7 e2 85. Nxe2
Kxe2 86. a8=Q Kf2 87. Qe4 Kg3 88. Qf5 Kh4 89. Ke4 Kg3 90. Ke3 Kh2 91. Qg6 Kh1
92. Kf2 1-0

[Event "C.to Provinciale CO"]
[Site "Villa Guardia ITA"]
[Date "2010.01.30"]
[Round "5"]
[White "Primerano, Carlo"]
[Black "Cordone, Giuseppe"]
[Result "1-0"]
[WhiteElo "1734"]
[BlackElo "1524"]
[PlyCount "75"]
[EventDate "2010.01.23"]

1. d4 d5 2. c4 c6 3. cxd5 cxd5 4. Nc3 e6 5. Bf4 Bd6 6. Bxd6 Qxd6 7. Nf3 Nc6 8.
e3 a6 9. Be2 Nf6 10. O-O O-O 11. Rc1 Re8 12. a3 b5 13. b4 Bb7 14. Ne1 e5 15.
dxe5 Nxe5 16. Nf3 Nc4 17. Bxc4 bxc4 18. Re1 Rad8 19. Rc2 Ne4 20. Nxe4 Rxe4 21.
Ng5 Rh4 22. g3 Rh6 23. Ree2 Qf6 24. f4 Qb6 25. Qd4 Qc7 26. Red2 Rhd6 27. Qd3 g6
28. Qd4 h6 29. Nf3 f6 30. Nh4 Qf7 31. f5 g5 32. Ng6 Re8 33. h4 Re4 34. Qa7 Rd8
35. hxg5 hxg5 36. Rh2 Kg7 37. Rh5 Bc8 38. Rh7+ 1-0

[Event "C.to Provinciale CO"]
[Site "Villa Guardia ITA"]
[Date "2010.01.30"]
[Round "5"]
[White "Raineri, Pieroberto"]
[Black "Squillante, Michele"]
[Result "1-0"]
[WhiteElo "1677"]
[BlackElo "1842"]
[PlyCount "133"]
[EventDate "2010.01.23"]

1. d4 Nf6 2. c4 g6 3. Nc3 d5 4. Bf4 c6 5. e3 Bg7 6. Nf3 O-O 7. h3 e6 8. Be2
dxc4 9. Bxc4 Nd5 10. Bg3 Nd7 11. O-O N7f6 12. a3 Nxc3 13. bxc3 Ne4 14. Bh4 Qa5
15. Ne5 Bxe5 16. dxe5 Qxe5 17. Qd4 Qxd4 18. cxd4 Nd2 19. Rfc1 Nxc4 20. Rxc4 Bd7
21. Bf6 Rac8 22. g4 b6 23. g5 c5 24. dxc5 Rxc5 25. Rd4 Rd5 26. Rxd5 exd5 27. h4
Rc8 28. Kg2 Kf8 29. Kg3 Be6 30. Kf4 Rc4+ 31. Bd4 Ke7 32. Kg3 Kd7 33. a4 Rc7 34.
Kf3 Kc6 35. a5 Kb7 36. axb6 axb6 37. Rb1 Rc6 38. Kf4 Ka6 39. Ra1+ Kb5 40. Rb1+
Ka5 41. Ra1+ Kb5 42. Rb1+ Ka6 43. Ra1+ Kb7 44. Rb1 Bf5 45. Rb2 Bd3 46. Ke5 Bc4
47. Rb1 Re6+ 48. Kf4 Re4+ 49. Kg3 Re6 50. Kf4 b5 51. Ra1 Ra6 52. Rxa6 Kxa6 53.
Ke5 b4 54. Kf6 Bd3 55. Kxf7 Kb5 56. Kg7 Kc4 57. Kxh7 Bf5 58. Kh6 Kd3 59. h5
gxh5 60. Kxh5 Bh7 61. g6 Bg8 62. Kg5 b3 63. f4 b2 64. Bxb2 Kxe3 65. f5 d4 66.
f6 d3 67. Bc3 1-0

[Event "C.to Provinciale CO"]
[Site "Villa Guardia ITA"]
[Date "2010.01.30"]
[Round "5"]
[White "Revinelli, Sergio"]
[Black "Ghelfi, Giancarlo"]
[Result "1/2-1/2"]
[WhiteElo "1850"]
[BlackElo "1690"]
[PlyCount "85"]
[EventDate "2010.01.23"]

1. e4 c5 2. Nf3 d6 3. d4 cxd4 4. Nxd4 Nf6 5. Nc3 a6 6. Be2 e5 7. Nb3 Be7 8. a4
Be6 9. O-O O-O 10. f4 Nc6 11. Kh1 Qc7 12. f5 Bd7 13. a5 Rac8 14. Be3 Qb8 15. g4
h6 16. Rg1 Nh7 17. Nd5 Bg5 18. Bf2 Rcd8 19. Bb6 Rc8 20. Bf2 Rcd8 21. Nd2 Nf6
22. Nc3 Nd4 23. Nf3 Nxf3 24. Bxf3 Bc6 25. h4 Bf4 26. g5 Nh7 27. gxh6 Bxh6 28.
Nd5 Rd7 29. c4 Kh8 30. Nb4 Nf6 31. Nxc6 bxc6 32. Bb6 Ne8 33. Qa4 Qb7 34. Rad1
c5 35. Rg2 Be3 36. Qc2 Nf6 37. Re1 Bf4 38. Qe2 Qc8 39. Rd1 Rg8 40. h5 Qe8 41.
Rd3 g6 42. fxg6 fxg6 43. Rxg6 1/2-1/2

[Event "C.to Provinciale CO"]
[Site "Villa Guardia ITA"]
[Date "2010.01.30"]
[Round "5"]
[White "Rossini, Fulvio"]
[Black "Lipari, Alberto"]
[Result "0-1"]
[WhiteElo "1455"]
[BlackElo "1609"]
[PlyCount "98"]
[EventDate "2010.01.23"]

1. e4 c5 2. Nf3 e6 3. c4 g6 4. Nc3 Bg7 5. g3 Ne7 6. d3 d5 7. Qc2 Bxc3+ 8. Qxc3
d4 9. Qc2 Nbc6 10. a3 a5 11. Bg2 Qc7 12. Bf4 e5 13. Bg5 h6 14. Bf6 Rh7 15. Bxe7
Qxe7 16. Qc1 f5 17. Nd2 Rf7 18. Nb3 Bd7 19. Rf1 g5 20. Qd1 O-O-O 21. Qe2 f4 22.
O-O-O Rdf8 23. Na1 f3 24. Bxf3 Rxf3 25. Qc2 Qf7 26. Rd2 Na7 27. Nb3 b6 28. Kd1
Ba4 29. Ke1 b5 30. h3 bxc4 31. dxc4 Bxb3 32. Qc1 Bxc4 33. b3 Rc3 34. Qd1 Bxb3
35. Qg4+ Kc7 36. Qe2 Bc4 37. Qd1 Rxg3 38. Qa4 Re3+ 39. Kd1 Bb3+ 40. Qxb3 Rxb3
41. Rc2 Rb1+ 42. Ke2 Rxf1 43. Kxf1 c4 44. Kg2 d3 45. Rd2 Qf3+ 46. Kg1 Qxh3 47.
f4 Rxf4 48. Rd1 Qg3+ 49. Kh1 Rh4# 0-1

[Event "C.to Provinciale CO"]
[Site "Villa Guardia ITA"]
[Date "2010.01.30"]
[Round "5"]
[White "Turati, Pierangelo"]
[Black "Mason, Giovanni"]
[Result "1-0"]
[WhiteElo "1542"]
[BlackElo "1781"]
[PlyCount "77"]
[EventDate "2010.01.23"]

1. Nf3 c5 2. c4 Nc6 3. Nc3 g6 4. g3 Bg7 5. Bg2 e6 6. O-O d6 7. d3 a6 8. a3 Qc7
9. Qc2 b6 10. Rb1 Nge7 11. b4 Rb8 12. b5 Nd4 13. Nxd4 cxd4 14. Nd1 a5 15. e3
Bb7 16. exd4 Bxg2 17. Kxg2 Bxd4 18. Be3 Bg7 19. Qd2 O-O 20. Bh6 Bxh6 21. Qxh6
Nf5 22. Qf4 Qc5 23. a4 e5 24. Qd2 Ne7 25. Nc3 f5 26. Rbe1 Rb7 27. h4 Kg7 28. h5
h6 29. hxg6 Nxg6 30. Rh1 Rh8 31. Nd5 Qd4 32. Rh5 f4 33. Re4 Qa1 34. gxf4 Rf7
35. f5 Nf4+ 36. Nxf4 exf4 37. Qxf4 Kf8 38. Qxd6+ Kg8 39. Re8+ 1-0

[Event "C.to Provinciale CO"]
[Site "Villa Guardia ITA"]
[Date "2010.01.31"]
[Round "6"]
[White "Buonocore, Elio"]
[Black "Gonella, Daniele"]
[Result "1-0"]
[WhiteElo "2187"]
[BlackElo "1879"]
[PlyCount "59"]
[EventDate "2010.01.23"]

1. e4 c5 2. Nf3 d6 3. d4 cxd4 4. Nxd4 Nf6 5. Nc3 g6 6. Be3 Bg7 7. f3 O-O 8. Qd2
d5 9. e5 Nfd7 10. e6 Nb6 11. Bh6 fxe6 12. Bxg7 Kxg7 13. O-O-O Nc6 14. h4 Qd6
15. Kb1 Qf4 16. Qf2 e5 17. Nde2 Qf7 18. h5 Be6 19. a3 e4 20. Qh4 e3 21. Nd4 Bf5
22. Nxc6 bxc6 23. Qd4+ Qf6 24. Qxe3 e5 25. hxg6 Bxg6 26. Qh6+ Kg8 27. Bd3 Rab8
28. Rh4 Rf7 29. Bxg6 Qxg6 30. Rg4 1-0

[Event "C.to Provinciale CO"]
[Site "Villa Guardia ITA"]
[Date "2010.01.31"]
[Round "6"]
[White "Coppola, Guido"]
[Black "Lancianese, Giuseppe"]
[Result "1-0"]
[WhiteElo "1981"]
[BlackElo "1780"]
[PlyCount "97"]
[EventDate "2010.01.23"]

1. e4 d5 2. exd5 Nf6 3. Nf3 Nxd5 4. d4 Bf5 5. Be2 e6 6. O-O Bd6 7. Ne5 O-O 8.
Bf3 c6 9. a3 Qc7 10. g4 Bg6 11. Qe2 Nd7 12. c4 N5f6 13. Bf4 Rfd8 14. Nc3 Nf8
15. Rad1 N6d7 16. Bg3 Nxe5 17. dxe5 Be7 18. h4 h6 19. Ne4 Bxe4 20. Bxe4 Rxd1
21. Rxd1 Rd8 22. Kf1 Rxd1+ 23. Qxd1 Nd7 24. Qe2 Qd8 25. Qd2 Nc5 26. Qxd8+ Bxd8
27. Bb1 a5 28. Ke2 Kf8 29. f4 Be7 30. Bc2 Ke8 31. h5 Kd7 32. Be1 b6 33. Bd2 Kc7
34. g5 Nd7 35. gxh6 gxh6 36. b4 axb4 37. axb4 f5 38. exf6 Nxf6 39. Bg6 Bf8 40.
Bc3 Be7 41. Kd3 Ng4 42. Ke4 Kd6 43. Kf3 Bf6 44. Be1 Nh2+ 45. Ke4 Ng4 46. Bg3 e5
47. Bf5 exf4 48. Bxf4+ Ne5 49. c5+ 1-0

[Event "C.to Provinciale CO"]
[Site "Villa Guardia ITA"]
[Date "2010.01.31"]
[Round "6"]
[White "Cordone, Giuseppe"]
[Black "Rossini, Fulvio"]
[Result "1/2-1/2"]
[WhiteElo "1524"]
[BlackElo "1455"]
[PlyCount "79"]
[EventDate "2010.01.23"]

1. e4 e6 2. d4 d5 3. e5 c5 4. c3 Nc6 5. Be3 Qb6 6. b3 cxd4 7. Bxd4 Qc7 8. Bb5
Nge7 9. Nh3 Bd7 10. O-O Nxe5 11. Bxe5 Qxe5 12. Re1 Qc7 13. Bd3 Nc6 14. a4 Bd6
15. g3 a6 16. Qd2 h6 17. Na3 Na5 18. Be2 O-O 19. Nc2 Nc6 20. Rac1 Be7 21. b4
Na7 22. a5 Bb5 23. Nd4 Bxe2 24. Nxe2 Nc6 25. Nef4 Qd8 26. Nd3 Rc8 27. Nhf4 Bg5
28. h4 Be7 29. Nh5 Bd6 30. Qe3 Ne7 31. g4 g6 32. Nf6+ Kg7 33. Qd4 Rg8 34. Nxg8+
Kxg8 35. h5 Rc4 36. Qe3 Rxg4+ 37. Kf1 Nf5 38. Qf3 gxh5 39. Ke2 Qf6 40. Kd2
1/2-1/2

[Event "C.to Provinciale CO"]
[Site "Villa Guardia ITA"]
[Date "2010.01.31"]
[Round "6"]
[White "Falchi, Claudio"]
[Black "Guglielmetti, Oscar"]
[Result "1-0"]
[WhiteElo "1623"]
[BlackElo "1788"]
[PlyCount "97"]
[EventDate "2010.01.23"]

1. e4 g6 2. d4 d6 3. Nf3 Nf6 4. Nc3 Bg7 5. Be2 O-O 6. O-O Nbd7 7. Be3 h6 8. Qd2
Kh7 9. h3 e5 10. dxe5 Nxe5 11. Nxe5 dxe5 12. Qxd8 Rxd8 13. Rad1 Be6 14. a3 a6
15. f3 Nh5 16. Kh2 Nf4 17. Rxd8 Rxd8 18. Rd1 Bf6 19. Rxd8 Bxd8 20. Bf1 Bg5 21.
Ba7 Nh5 22. Bb8 Bc1 23. Nd1 Bf4+ 24. Kg1 c6 25. b3 Ng3 26. Nf2 f6 27. Ba7 Nxf1
28. Kxf1 Bc1 29. a4 Bb2 30. Nd3 Bd4 31. Bxd4 exd4 32. a5 Kg7 33. Nc5 Bc8 34.
Ke2 f5 35. Kd3 Kf6 36. Kxd4 fxe4 37. fxe4 h5 38. h4 g5 39. hxg5+ Kxg5 40. Ke5
h4 41. Kd6 Kf4 42. e5 Bf5 43. Nd3+ Kg3 44. Ne1 Bxc2 45. Nxc2 Kxg2 46. e6 h3 47.
e7 h2 48. e8=Q h1=Q 49. Qe4+ 1-0

[Event "C.to Provinciale CO"]
[Site "Villa Guardia ITA"]
[Date "2010.01.31"]
[Round "6"]
[White "Ghelfi, Giancarlo"]
[Black "Larghi, Riccardo"]
[Result "1-0"]
[WhiteElo "1690"]
[BlackElo "1901"]
[PlyCount "27"]
[EventDate "2010.01.23"]

1. e4 c5 2. Nf3 d6 3. d4 cxd4 4. Nxd4 Nf6 5. Nc3 a6 6. Bg5 e6 7. f4 b5 8. e5
dxe5 9. fxe5 Qc7 10. Qe2 Nfd7 11. O-O-O Qxe5 12. Qxe5 Nxe5 13. Ndxb5 axb5 14.
Rd8# 1-0

[Event "C.to Provinciale CO"]
[Site "Villa Guardia ITA"]
[Date "2010.01.31"]
[Round "6"]
[White "Gonella, Graziano"]
[Black "Canciani, Alberto"]
[Result "0-1"]
[WhiteElo "1332"]
[BlackElo "1461"]
[PlyCount "63"]
[EventDate "2010.01.23"]

1. e4 e6 2. Nf3 c5 3. d4 Qc7 4. Be3 b6 5. c4 d6 6. Bd3 Nd7 7. O-O Bb7 8. Qc2 h6
9. Nbd2 g5 10. h3 Bg7 11. Rac1 Ne7 12. b3 Ng6 13. d5 e5 14. g3 Nf6 15. Be2 Bc8
16. Kg2 Bd7 17. Rh1 g4 18. hxg4 Nxg4 19. Qc3 O-O-O 20. Nf1 Nxe3+ 21. Qxe3 Rdf8
22. Rh5 Bg4 23. Rh2 Qd7 24. N1d2 f5 25. exf5 Bxf5 26. Rch1 e4 27. Nh4 Bd4 28.
Nxg6 Bxg6 29. Qxh6 Rxf2+ 30. Kg1 Rxh2+ 31. Kxh2 Rxh6+ 32. Kg2 0-1

[Event "C.to Provinciale CO"]
[Site "Villa Guardia ITA"]
[Date "2010.01.31"]
[Round "6"]
[White "Guzzetti, Luigi Enrico"]
[Black "Gagliardi, Christian"]
[Result "1/2-1/2"]
[WhiteElo "1887"]
[BlackElo "2222"]
[PlyCount "125"]
[EventDate "2010.01.23"]

1. e4 g6 2. d4 Bg7 3. c3 c6 4. Nf3 d6 5. Bd3 Nd7 6. O-O Qc7 7. Be3 e5 8. Nbd2
Ngf6 9. h3 O-O 10. Rc1 Re8 11. a4 h6 12. Qc2 Nf8 13. Rfe1 b6 14. b4 Bb7 15. Qb3
Rad8 16. a5 N8d7 17. a6 Bc8 18. Bc4 Nf8 19. dxe5 dxe5 20. b5 cxb5 21. Bxb5 Bd7
22. c4 Ne6 23. Nh2 Rf8 24. Nhf1 Bc8 25. Qc2 Nd7 26. Nb3 Ndc5 27. Nxc5 Nxc5 28.
Bxc5 Qxc5 29. Ne3 Be6 30. Rcd1 h5 31. Qe2 Bh6 32. Nd5 Kg7 33. Qb2 f6 34. Qb4
Rxd5 35. exd5 Qxb4 36. dxe6 Rd8 37. Rb1 Qd6 38. c5 Qxe6 39. c6 Qd6 40. Ba4 Qc5
41. Rbd1 Rd4 42. Rxd4 exd4 43. g3 Qd6 44. Re8 Qc7 45. Re4 Qd8 46. Kf1 f5 47.
Re5 Kf6 48. f4 Bf8 49. Bb3 d3 50. Ke1 Bb4+ 51. Kf1 h4 52. Rd5 Qc7 53. Rd7 Bd6
54. gxh4 Bxf4 55. Rxc7 Bxc7 56. Bc4 Ke7 57. Bxd3 Kd6 58. h5 gxh5 59. Bxf5 Kxc6
60. Be4+ Kc5 61. Ke2 b5 62. Kd3 h4 63. Kc3 1/2-1/2

[Event "C.to Provinciale CO"]
[Site "Villa Guardia ITA"]
[Date "2010.01.31"]
[Round "6"]
[White "Mason, Giovanni"]
[Black "Corti, Filippo"]
[Result "1-0"]
[WhiteElo "1781"]
[BlackElo "1736"]
[PlyCount "81"]
[EventDate "2010.01.23"]

1. e4 c6 2. d4 d5 3. exd5 cxd5 4. Nf3 Nf6 5. Be2 Nc6 6. c3 Qc7 7. O-O Bg4 8.
Bg5 e6 9. Bh4 Bd6 10. Bg3 Bxf3 11. Bxf3 h5 12. Bxd6 Qxd6 13. Na3 a6 14. Re1
O-O-O 15. b4 b5 16. Qe2 Ng4 17. g3 Nf6 18. Nxb5 axb5 19. Qxb5 Qc7 20. a4 Qb7
21. Qxb7+ Kxb7 22. a5 Na7 23. c4 Rhe8 24. b5 Ne4 25. Rab1 Nd2 26. a6+ Ka8 27.
Kg2 Nxb1 28. Rxb1 Kb8 29. c5 e5 30. b6 Nc6 31. dxe5 Rxe5 32. Bd1 Re1 33. Bc2
Rxb1 34. Bxb1 Re8 35. Bd3 Re7 36. Bb5 Nd4 37. a7+ Ka8 38. Ba4 Kb7 39. c6+ Ka8
40. c7 Rxc7 41. bxc7 1-0

[Event "C.to Provinciale CO"]
[Site "Villa Guardia ITA"]
[Date "2010.01.31"]
[Round "6"]
[White "Pede, Lucio"]
[Black "Turati, Pierangelo"]
[Result "0-1"]
[WhiteElo "1904"]
[BlackElo "1542"]
[PlyCount "44"]
[EventDate "2010.01.23"]

1. e4 Nc6 2. d4 d5 3. e5 Bf5 4. c3 e6 5. Nf3 f6 6. exf6 Nxf6 7. Bg5 Be7 8. Bd3
Ne4 9. Bxe7 Qxe7 10. Bb5 O-O 11. Nbd2 Bg4 12. h3 Nxd2 13. hxg4 Nxf3+ 14. gxf3
e5 15. Bxc6 bxc6 16. Kf1 e4 17. Rh3 Qf6 18. Qc2 g6 19. fxe4 dxe4 20. Re1 Rae8
21. Rhe3 Qh4 22. Rxe4 Qh1+ 0-1

[Event "C.to Provinciale CO"]
[Site "Villa Guardia ITA"]
[Date "2010.01.31"]
[Round "6"]
[White "Petetta, Roberto"]
[Black "Zuccoli, Maurizio"]
[Result "1-0"]
[WhiteElo "1649"]
[BlackElo "1842"]
[PlyCount "45"]
[EventDate "2010.01.23"]

1. e4 c5 2. Nf3 d6 3. d4 cxd4 4. Nxd4 Nf6 5. Nc3 a6 6. f3 Qc7 7. Be3 b5 8. Qd2
e5 9. Nb3 Be6 10. Bd3 Be7 11. O-O O-O 12. Qf2 Nbd7 13. Rac1 Rfd8 14. Rfd1 Rab8
15. Nd5 Bxd5 16. exd5 g6 17. c4 bxc4 18. Rxc4 Qb7 19. Rd2 Nxd5 20. Na5 Qa8 21.
Nc6 Bf8 22. Be4 Nxe3 23. Qxe3 1-0

[Event "C.to Provinciale CO"]
[Site "Villa Guardia ITA"]
[Date "2010.01.31"]
[Round "6"]
[White "Primerano, Carlo"]
[Black "Grassetto, Gilberto"]
[Result "1-0"]
[WhiteElo "1734"]
[BlackElo "1882"]
[PlyCount "101"]
[EventDate "2010.01.23"]

1. d4 d5 2. c4 c6 3. cxd5 cxd5 4. Nc3 Nf6 5. Nf3 e6 6. Bf4 a6 7. e3 Be7 8. Bd3
O-O 9. Ne5 Nbd7 10. O-O Nxe5 11. Bxe5 Bd7 12. Rc1 Rc8 13. Qb3 b5 14. Ne2 Qb6
15. a3 Rxc1 16. Rxc1 Rc8 17. Rxc8+ Bxc8 18. Qc2 Qb7 19. Bxf6 Bxf6 20. Bxh7+ Kf8
21. Bd3 Be7 22. b4 Bd7 23. Nc1 a5 24. Nb3 axb4 25. Nc5 Qa7 26. axb4 Be8 27. Qb2
Bd6 28. g3 Ke7 29. Bb1 f6 30. Kg2 g5 31. Qa2 Bxc5 32. dxc5 Qxa2 33. Bxa2 Bc6
34. Kf1 f5 35. f4 Kf6 36. Ke2 e5 37. fxe5+ Kxe5 38. Kd3 g4 39. Bb3 Bb7 40. Bd1
Bc6 41. Be2 Bd7 42. Bf1 Bc6 43. h3 gxh3 44. Bxh3 Bd7 45. Bg2 Bc6 46. Bf3 Bd7
47. Bh5 Bc6 48. g4 f4 49. exf4+ Kxf4 50. Kd4 Kg5 51. Bf7 1-0

[Event "C.to Provinciale CO"]
[Site "Villa Guardia ITA"]
[Date "2010.01.31"]
[Round "6"]
[White "Raineri, Pieroberto"]
[Black "Revinelli, Sergio"]
[Result "0-1"]
[WhiteElo "1677"]
[BlackElo "1850"]
[PlyCount "120"]
[EventDate "2010.01.23"]

1. d4 d5 2. c4 c6 3. Nc3 e6 4. e4 dxe4 5. Nxe4 Bb4+ 6. Bd2 Qxd4 7. Bxb4 Qxe4+
8. Be2 Na6 9. Ba5 b6 10. Bc3 Ne7 11. Qd6 Nf5 12. Qa3 Nd4 13. Bxd4 Qxd4 14. Rd1
Qc5 15. Qxc5 Nxc5 16. Bf3 Bb7 17. Rd6 Ke7 18. Rd1 Rad8 19. Nh3 Rxd1+ 20. Kxd1
Rd8+ 21. Kc2 Nd3 22. Be4 Ne5 23. Kc3 h6 24. f3 Ba8 25. Re1 Nd7 26. b4 c5 27.
Bxa8 Rxa8 28. b5 Rd8 29. Nf2 Nf6 30. a4 Rd6 31. Ra1 Rd7 32. a5 Ne8 33. a6 Nd6
34. Nd3 f6 35. g4 Nc8 36. h3 Rd4 37. Nb4 Rd7 38. Nc6+ Kf7 39. Ra2 Ne7 40. Nxe7
Kxe7 41. Rd2 Rxd2 42. Kxd2 Kd6 43. Ke3 g5 44. Ke4 Ke7 45. f4 gxf4 46. Kxf4 Kf7
47. h4 h5 48. gxh5 Kg7 49. Kg3 Kh6 50. Kg4 f5+ 51. Kf4 Kxh5 52. Ke5 Kxh4 53.
Kd6 f4 54. Kc7 f3 55. Kb7 f2 56. Kxa7 f1=Q 57. Kxb6 Qxc4 58. a7 Qa4 59. Kb7
Qxb5+ 60. Ka8 Qa6 0-1

[Event "C.to Provinciale CO"]
[Site "Villa Guardia ITA"]
[Date "2010.01.31"]
[Round "6"]
[White "Ronconi, Fausto"]
[Black "Napolitano, Matteo"]
[Result "1/2-1/2"]
[WhiteElo "1780"]
[BlackElo "1464"]
[PlyCount "119"]
[EventDate "2010.01.23"]

1. d4 d5 2. c4 e6 3. Nc3 Nf6 4. Bg5 Bb4 5. e3 h6 6. Bh4 Nc6 7. a3 Bxc3+ 8. bxc3
Ne7 9. Bxf6 gxf6 10. cxd5 Qxd5 11. Qa4+ Nc6 12. c4 Qa5+ 13. Qxa5 Nxa5 14. Nf3
b6 15. c5 Bb7 16. Bb5+ Ke7 17. cxb6 Bxf3 18. gxf3 axb6 19. Rc1 Ra7 20. Rc3 Rd8
21. O-O Rd5 22. a4 c5 23. dxc5 Rxc5 24. Rxc5 bxc5 25. Rc1 Rc7 26. Rc3 Nb7 27.
f4 f5 28. f3 Nd6 29. Be2 Kd7 30. a5 Kc6 31. e4 fxe4 32. fxe4 Nxe4 33. Bf3 f5
34. Re3 Kd5 35. a6 Kd4 36. Ra3 Ra7 37. Bh5 e5 38. fxe5 Kxe5 39. Ra5 Kd6 40. Bg6
Ke6 41. Kf1 Nd2+ 42. Ke2 Nb3 43. Ra3 Nd4+ 44. Kd3 Nb5 45. Ra5 Nd6 46. h4 Kd5
47. Bh5 Kc6 48. Ra1 Nb5 49. Bf3+ Kb6 50. Bb7 Nd6 51. Rb1+ Kc7 52. Rf1 Nxb7 53.
axb7 Rxb7 54. Rxf5 Rb5 55. Rf7+ Kd8 56. Rf6 c4+ 57. Kxc4 Rh5 58. Rf4 Ke7 59.
Kd4 Ke6 60. Ke4 1/2-1/2

[Event "C.to Provinciale CO"]
[Site "Villa Guardia ITA"]
[Date "2010.01.31"]
[Round "6"]
[White "Squillante, Michele"]
[Black "Cocconcelli, Lorenzo"]
[Result "0-1"]
[WhiteElo "1842"]
[BlackElo "1449"]
[PlyCount "60"]
[EventDate "2010.01.23"]

1. d4 d5 2. Nf3 Nf6 3. Bg5 e6 4. Nbd2 Be7 5. e3 O-O 6. Bd3 Nbd7 7. O-O c5 8. c3
Qb6 9. Rb1 Qc7 10. Re1 Re8 11. e4 dxe4 12. Nxe4 Nd5 13. Bxe7 Rxe7 14. Neg5 g6
15. Ne4 N5f6 16. dxc5 Nxe4 17. Bxe4 Nxc5 18. Bc2 b6 19. Qd2 Bb7 20. Re3 Rd8 21.
Qe2 Bxf3 22. Rxf3 Red7 23. Rd1 Rxd1+ 24. Bxd1 Qd6 25. Bc2 Qd2 26. Bd3 Rxd3 27.
Qf1 Rxf3 28. gxf3 Qd3 29. Qe1 Qxf3 30. Qe5 Qd1+ 0-1